| 000 | 00000nas 2200000za 4500 |
| 001 | 9.821474 |
| 003 | CaOODSP |
| 005 | 20240903095601 |
| 007 | cr ||||||||||| |
| 008 | 160721c20149999onc x m o f0###a0eng|d |
| 022 | |a2292-7875 |
| 040 | |aCaOODSP|beng |
| 043 | |an-cn--- |
| 086 | 1 |aM103-3E-PDF |
| 245 | 00|aOpen file (Geomatics Canada) |h[electronic resource]. |
| 260 | |a[Ottawa] : |bNatural Resources Canada, |c2014- |
| 310 | |aIrregular |
| 362 | 0 |aNo. 1- |
| 500 | |aIssued also in French under title: Dossier public (Géomatique Canada). |
| 692 | 07|2gccst|aGeomatics |
| 710 | 1 |aCanada. |bNatural Resources Canada. |
| 710 | 2 |aGeomatics Canada. |
| 775 | 08|tDossier public (Géomatique Canada) |w(CaOODSP)9.821476 |